Normal view MARC view

Entry Meeting Name

Number of records used in: 1

001 - CONTROL NUMBER

  • control field: 18102

003 - CONTROL NUMBER IDENTIFIER

  • control field: OSt

005 - DATE AND TIME OF LATEST TRANSACTION

  • control field: 20211105134240.0

008 - FIXED-LENGTH DATA ELEMENTS

  • fixed length control field: 211105|| aca||aabn | a|a d

040 ## - CATALOGING SOURCE

  • Original cataloging agency: OSt
  • Transcribing agency: OSt

111 ## - HEADING--MEETING NAME

  • Meeting name or jurisdiction name as entry element: International Conference Physics of Active Galactic Nuclei
  • Location of meeting: Heidelberg
  • Date of meeting or treaty signing: 1991 June 3-7

670 ## - SOURCE DATA FOUND

  • Source citation: Work cat.: (OSt): International Conference Physics of Active Galactic Nuclei Heidelberg 1991 June 3-7, Physics of active galactic nuclei, 1992

Powered by Koha